Understanding physics (Record no. 15190)
[ view plain ]
| 000 -LEADER | |
|---|---|
| fixed length control field | 00790nam a2200253Ia 4500 |
| 003 - CONTROL NUMBER IDENTIFIER | |
| control field | IN-BaIIA |
| 008 - FIXED-LENGTH DATA ELEMENTS--GENERAL INFORMATION | |
| fixed length control field | 211028s9999 xx 000 0 eng d |
| 020 ## - INTERNATIONAL STANDARD BOOK NUMBER | |
| International Standard Book Number | 0-387-98756-8 |
| 040 ## - CATALOGING SOURCE | |
| Transcribing agency | IIA Library |
| 080 ## - UNIVERSAL DECIMAL CLASSIFICATION NUMBER | |
| Universal Decimal Classification number | 530.1 |
| Item number | CAS |
| 100 ## - MAIN ENTRY--PERSONAL NAME | |
| Personal name | Cassidy, D. |
| 9 (RLIN) | 27892 |
| 245 #0 - TITLE STATEMENT | |
| Title | Understanding physics |
| Statement of responsibility, etc. | D. Cassidy, H. Gerald and J. Rutherford |
| 260 ## - PUBLICATION, DISTRIBUTION, ETC. | |
| Place of publication, distribution, etc. | New York |
| Name of publisher, distributor, etc. | Springer |
| Date of publication, distribution, etc. | 2003 |
| 300 ## - PHYSICAL DESCRIPTION | |
| Extent | xxiii, 851p. |
| 490 ## - SERIES STATEMENT | |
| Series statement | Undergraduate Texts in Contemporary Physics |
| 650 ## - SUBJECT ADDED ENTRY--TOPICAL TERM | |
| Topical term or geographic name entry element | Matter and Motion |
| 9 (RLIN) | 27893 |
| 650 ## - SUBJECT ADDED ENTRY--TOPICAL TERM | |
| Topical term or geographic name entry element | Newton's Unified Theory |
| 9 (RLIN) | 27894 |
| 650 ## - SUBJECT ADDED ENTRY--TOPICAL TERM | |
| Topical term or geographic name entry element | Quantum Mechanics |
| 650 ## - SUBJECT ADDED ENTRY--TOPICAL TERM | |
| Topical term or geographic name entry element | Relativity Theory |
| 9 (RLIN) | 9895 |
| 650 ## - SUBJECT ADDED ENTRY--TOPICAL TERM | |
| Topical term or geographic name entry element | Wave Motion |
| 9 (RLIN) | 19727 |
| 700 ## - ADDED ENTRY--PERSONAL NAME | |
| Personal name | Gerald, H. |
| 9 (RLIN) | 27895 |
| 700 ## - ADDED ENTRY--PERSONAL NAME | |
| Personal name | Rutherford, J. |
| 9 (RLIN) | 27896 |
| 942 ## - ADDED ENTRY ELEMENTS (KOHA) | |
| Koha item type | Books |
| Withdrawn status | Lost status | Damaged status | Not for loan | Home library | Current library | Shelving location | Date acquired | Source of acquisition | Cost, normal purchase price | Total Checkouts | Full call number | Barcode | Date last seen | Cost, replacement price | Price effective from | Koha item type | Purchase Price |
|---|---|---|---|---|---|---|---|---|---|---|---|---|---|---|---|---|---|
| IIA Library-Bangalore | IIA Library-Kavalur | General Stacks | 13/07/2003 | ANJ | 3864.75 | 530.1/ CAS | 16112 | 05/11/2021 | 3864.75 | 13/07/2003 | Books | Rs. 3864.75 |